Análisis de las alternativas de los migrantes mexicanos en Estados Unidos de América para atender sus problemas de salud /
Se pretenden identificar las alternativas ideadas por los migrantes mexicanos para acceder a los servicios de salud en Estados Unidos y México. Para lo anterior se utilizó un enfoque etnográfico en cinco estados; se realizaron grupos focales y entrevistas a profundidad con usuarios y prestadores de...
Gorde:
| Egile nagusia: | |
|---|---|
| Beste egile batzuk: | , , , |
| Formatua: | Texto |
| Gaiak: | |
| Etiketak: |
Etiketa erantsi
Etiketarik gabe, Izan zaitez lehena erregistro honi etiketa jartzen!
|
MARC
| LEADER | 00000 a a2200000 04500 | ||
|---|---|---|---|
| 001 | 40744 | ||
| 003 | |||
| 040 | |||
| 100 | |a Nigenda, Gustavo | ||
| 245 | |a Análisis de las alternativas de los migrantes mexicanos en Estados Unidos de América para atender sus problemas de salud / |c Gustavo Nigenda y otros | ||
| 500 | |a gnigenda@insp.mx | ||
| 520 | |a Se pretenden identificar las alternativas ideadas por los migrantes mexicanos para acceder a los servicios de salud en Estados Unidos y México. Para lo anterior se utilizó un enfoque etnográfico en cinco estados; se realizaron grupos focales y entrevistas a profundidad con usuarios y prestadores de servicios. Se identificaron seis formas de atención utilizadas de acuerdo con la gravedad de las enfermedades: automedicación; consulta telefónica con familiares; uso de servicios privados; traslado a ciudades fronterizas; retorno al lugar de nacimiento; y atención durante visitas estacionales al lugar de origen. Se entiende que las alternativas empleadas por los migrantes se deben a las circunstancias y al contexto de migración; se considera necesaria la aplicación de una política pública para la protección de la salid de dichos migrantes. | ||
| 590 | |a KSR/JUNIO2012 | ||
| 650 | |a MIGRANTES | ||
| 650 | |a MEXICANOS | ||
| 650 | |a ACCESO A LA SALUD | ||
| 650 | |a SERVICIOS DE SALUD | ||
| 650 | |a ESTADOS UNIDOS | ||
| 650 | |a MEXICO | ||
| 700 | |a Ruiz-Larios, José Arturo | ||
| 700 | |a Bejarano-Arias, Rosa María | ||
| 700 | |a Alcalde-Rabanal, Jacqueline Elizabeth | ||
| 700 | |a Bonilla-Fernández, Pastor | ||
| 773 | |g volumen51, número5 (2009), páginas 407-416 : tablas | ||
| 999 | |c 20882 |d 20882 | ||
